LEADER 01454oam 2200433 450 001 9910140335203321 005 20170523091600.0 010 $a1-4205-0345-6 035 $a(OCoLC)607485242 035 $a(MiFhGG)GVRL3NDD 035 $a(EXLCZ)992580000000001081 100 $a20091109d2010 uy 0 101 0 $aeng 135 $aurun|---uuuua 181 $ctxt 182 $cc 183 $acr 200 10$aCesar Millan /$fby Gail B. Stewart 210 1$aDetroit :$cLucent Books,$d2010. 215 $a1 online resource (96 pages) $ccolor illustrations 225 1 $aPeople in the News 300 $aBibliographic Level Mode of Issuance: Monograph 311 $a1-4205-0231-X 320 $aIncludes bibliographical references and index. 327 $aForeword -- Needing help -- El perrero -- Beginnings of a dream -- Breaking away -- The Dog Whisperer begins -- Lessons from dogs. 330 $aProfiles the life and career of professional dog trainer, Cesar Millan. 410 0$aPeople in the news (San Diego, Calif.) 606 $aDog trainers$zUnited States$vBiography 606 $aHuman-animal communication 615 0$aDog trainers 615 0$aHuman-animal communication. 676 $a636.7/0092 700 $aStewart$b Gail B$g(Gail Barbara),$f1949-$01236526 801 0$bMiFhGG 801 1$bMiFhGG 906 $aBOOK 912 $a9910140335203321 996 $aCesar Millan$92875290 997 $aUNINA